One Album per Year - Statistics

General Stats
  • This quiz has been taken 665 times
  • The average score is 47 of 70
Answer Stats
Picture Hint Answer % Correct
1982 Thriller - Michael Jackson
96%
2011 21 - Adele
94%
1991 Nevermind - Nirvana
94%
1974 Queen II - Queen
92%
2018 Scorpion - Drake
92%
1973 The Dark Side of the Moon - Pink Floyd
92%
2014 1989 - Taylor Swift
91%
1996 All Eyez on Me - 2Pac
90%
2003 Dangerously in Love - Beyoncé
90%
1963 Please, Please Me - The Beatles
90%
2004 American Idiot - Green Day
87%
2005 Demon Days - Gorillaz
86%
1956 Elvis Presley - Elvis Presley
85%
1955 In the Wee Small Hours - Frank Sinatra
84%
1977 Rumours - Fleetwood Mac
84%
2006 Back to Black - Amy Winehouse
82%
2013 AM - Arctic Monkeys
80%
2007 Graduation - Kanye West
80%
2012 Born to Die - Lana Del Rey
79%
2010 Pink Friday - Nicki Minaj
79%
2021 Sour - Olivia Rodrigo
79%
1994 Weezer - Weezer
76%
1976 Hotel California - Eagles
75%
2019 Igor - Tyler, the Creator
75%
1984 Like a Virgin - Madonna
75%
2002 The Eminem Show - Eminem
75%
1968 Electric Ladyland - The Jimi Hendrix Experience
73%
1986 Master of Puppets - Metallica
73%
1999 Californication - Red Hot Chili Peppers
72%
2022 Harry's House - Harry Styles
72%
1969 Led Zeppelin - Led Zeppelin
72%
2016 Blonde - Frank Ocean
71%
2015 To Pimp a Butterfly - Kendrick Lamar
71%
1998 The Miseducation of Lauryn Hill - Lauryn Hill
70%
1978 Van Halen - Van Halen
70%
1971 What's Going On - Marvin Gaye
70%
1965 Highway 61 Revisited - Bob Dylan
69%
2008 Viva la Vida or Death and All of His Friends - Coldplay
69%
1995 What's the Story Morning Glory? - Oasis
69%
1966 Aftermath - The Rolling Stones
67%
1985 Hounds of Love - Kate Bush
67%
1997 Life After Death - The Notorious B.I.G.
67%
1988 Straight Outta Compton - N.W.A.
67%
1962 Surfin' Safari - The Beach Boys
67%
1970 Bridge Over Troubled Water - Simon & Garfunkel
66%
1992 The Chronic - Dr. Dre
66%
2001 White Blood Cells - The White Stripes
65%
1981 Face Value - Phil Collins
64%
1967 The Doors - The Doors
64%
1979 London Calling - The Clash
62%
2023 UTOPIA - Travis Scott
62%
1975 Born to Run - Bruce Springsteen
60%
2024 HIT ME HARD AND SOFT - Billie Eilish
59%
1983 Synchronicity - The Police
57%
2000 Hybrid Theory - Linkin Park
56%
1980 Remain in Light - Talking Heads
55%
1959 Kind of Blue - Miles Davis
51%
2020 The Slow Rush - Tame Impala
50%
1989 Full Moon Fever - Tom Petty
47%
2009 Man on the Moon: The End of Day - Kid Cudi
46%
2017 Melodrama - Lorde
46%
1972 Talking Book - Stevie Wonder
44%
1957 Here's Little Richard - Little Richard
43%
1993 Siamese Dream - The Smashing Pumpkins
43%
1964 Kinks - The Kinks
35%
1987 Hysteria - Def Leppard
31%
1990 Violator - Depeche Mode
30%
1958 Blue Train - John Coltrane
29%
1960 A Date With The Everly Brothers - Everly Brothers
19%
1961 Runaround Sue - Dion
14%
No matching quizzes found
Score Distribution
Percent of People with Each Score
Percentile by Number Answered
Your Score History
You have not taken this quiz